Polymer science study guide /
Guardado en:
| Autor Principal: | |
|---|---|
| Formato: | Libro |
| Idioma: | English |
| Publicado: |
New York :
Gordon and Breach,
1973.
|
| Materias: | |
| Etiquetas: |
Agregar Etiqueta
Sin Etiquetas, Sea el primero en etiquetar este registro!
|
| LEADER | 00663cam a2200229 a 4500 | ||
|---|---|---|---|
| 001 | EIQ.libpla004472 | ||
| 008 | 740117s1973####nyua#####b####000#0#eng## | ||
| 005 | 20140729145457.0 | ||
| 245 | 1 | 0 | |a Polymer science study guide / |c Gerald S. Kirshenbaum. |
| 260 | |a New York : |b Gordon and Breach, |c 1973. | ||
| 300 | |a x, 135 p. : |b il. ; |c 23 cm. | ||
| 504 | |a Bibliografía: p. 135. | ||
| 020 | |a 0677045158 | ||
| 100 | 1 | |a Kirshenbaum, Gerald S. | |
| 082 | 0 | 0 | |a 547.84 |
| 650 | 0 | |a Polymers | |
| 650 | 0 | |a Polímeros | |
| 650 | 0 | |a Polimerización | |
| 010 | |a 73080661 | ||
| 040 | |a DLC |c DLC |d DLC | ||
| 050 | 0 | 0 | |a QD381 |b .K52 |
| 859 | |a AR-BbSID |b BIB. PLAPIQUI |h 547.84 |i K639 |p 6354 | ||
